Dewey v praxi dvoch významných knižníc - Library of Congress a British Library

Podrobná bibliografia
Hlavný autor: Hamranová, Gabriela, 1951-2024 (Autor)
Médium: Článok
Jazyk:slovenčina
ISSN:1335-7026
Predmet:
On-line prístup:http://www.snk.sk/images/snk/casopis_kniznica/2004/november_december/547.pdf

MARC

LEADER 00000nab a2200000 a 4500
001 vtls001490073
003 SK-MaSNL
005 20260304231955.0
008 250505c2004 xo mr|p|||||||000 b|slo
015 |a SNBRB2005/01  |2 snkbucl 
035 |a (uuid)d37c2bad-7036-4525-b713-979b3ce37adb 
035 |a urn:nbn:sk:snk-abby9s 
035 |a (urnnbn)urn:nbn:sk:snk:ar-000p5k 
038 |a SNKBUCL 
040 |a SNKBUCL  |b slo  |c SNKBUCL  |e AACR2 
041 0 |a slo 
044 |a xo  |c SK 
080 |a 027.54  |2 1997 
080 |a 025.3  |2 1997 
100 1 |a Hamranová, Gabriela,  |d 1951-2024  |4 aut  |9 17968 
245 1 0 |a Dewey v praxi dvoch významných knižníc - Library of Congress a British Library  |c Gabriela Hamranová 
610 2 7 |a Library of Congress  |2 snkbucl  |9 36035 
610 2 7 |a British Library  |2 snkbucl  |9 210887 
650 0 7 |a katalogizácia  |2 snkbucl  |9 22191 
650 0 7 |a Deweyho desatinné triedenie  |2 snkbucl  |9 106053 
773 0 |t Knižnica  |g Roč. 5, č. 11-12 (2004), s. 547  |x 1335-7026 
850 |a Slovenská národná knižnica 
852 |a Slovenská národná knižnica 
856 4 1 |u http://www.snk.sk/images/snk/casopis_kniznica/2004/november_december/547.pdf 
954 |a odborná, vedecká literatúra pôvodná (slovenská)  |2 lita 
958 |a article15 
958 |a OND 
958 |a EUIPO 
999 |c 3191513  |d 3193443